000 01423nam0a2200337 4500
001 RU\NLR\bibl\516570
005 20250609143914.0
035 _a(NLR Aleph) 000509003
090 _a1221222
_c1221222
100 _a20040430d2004 |||y0rusy50 ca
101 0 _arus
102 _aRU
105 _ay |||||||||
200 1 _aТерийоки-Зеленогорск
_eИст. очерк
_fА.К. Молчанов
210 _aСПб.
_cКарел. перешеек
_d2004
215 _a[2],18 с.
_d21
300 _aИзд. на средства авт.
316 _aС автогр. авт.
_5NLR
316 _aавтограф
_5NLR:2004-4/8918
607 _aЗеленогорск, город (Санкт-Петербург, город)
_xИстория
_92306986
_3RU\NLR\auth\661380881
686 _aТ3(2-2СПб91)
700 1 _aМолчанов
_bА. К.
_gАлександр Константинович
_4070
801 0 _aRU
_bNLR
_c20040430
_gPSBO
801 1 _aRU
_bNLR
_c20040430
830 _aАвт. по кн.
942 _cBOOK
980 _aNB
981 4 3 _a(43) Тематическая подборка Санкт-Петербург
_b(43) Пригороды и города в составе большого Петербурга
981 4 3 _a(43) Тематическая подборка Санкт-Петербург
_b(43) Иные окрестности